| 000 | 00496nam a2200181Ia 4500 | ||
|---|---|---|---|
| 999 |
_c29749 _d29749 |
||
| 003 | OSt | ||
| 005 | 20210106125835.0 | ||
| 008 | 190216s9999||||xx |||||||||||||| ||und|| | ||
| 020 | _a9788126424511 | ||
| 040 | _coclc | ||
| 082 |
_a150 _bTHO/O |
||
| 100 |
_aThomas, Manoj _98206 |
||
| 245 | 0 |
_aOharivipaniyil Vijayam Koyyaan / _cManoj Thomas |
|
| 260 |
_bD C Books, _c2013. _aKottayam: |
||
| 300 | _a237p | ||
| 650 | _aPadanam | ||
| 942 |
_cBK _2ddc _h150 _iTHO/O _k150 _mTHO/O |
||